000 01156nam a22003617a 4500
001 BR0401958
003 BR-BrBNA
005 20230928101556.0
007 ta
008 230509b bl.||||| |||| 00| 0 por d
040 _aBR-BrBNA
_bpor
_cBiblioteca Nacional de Agricultura
041 _a(Por)
072 _aF04; F62; Q54
_b1930
_b3840
_b3820
090 _ 1930 BR0401958
100 1 _aBetini, E.M.
110 1 _aUniversidade Estadual de Maringá, PR (Brasil)
_0Tese (Mestrado)
_910653
245 1 _aDoses de fósforo e fontes de nitrogênio no crescimento, desenvolvimento e teor de proteína bruta do Capim-Mombaça (Panicum maximum cv. Mombaça)
260 3 _aMaringá, PR (Brasil):
_c2000.
300 _a62 p.
500 _aSummaries (Eng, Por); Bibliography p. 50-57; 11 illus.; 16 tables
650 _aCAPIM COLONIÃO
650 _aFÓSFORO
650 _aNITROGÊNIO
650 _aFERTILIZANTE
650 _aADUBAÇÃO
650 _aCRESCIMENTO
650 _aPROTEÍNA BRUTA
650 _aPERFILHAÇÃO
650 _aANÁLISE DO SOLO
650 _aMÉTODO ESTATÍSTICO
909 _a202309
_bLucia
_c55
_dLucia Elande
942 _cBK
999 _c66507
_d66507